00376nam a2200169Ia 4500003000400000005001700004008004100021040000700062041001200069082001900081100001900100245002800119260000900147300001200156650001800168650002000186OSt20250925174643.0210423s2003 xx 000 0 und d cAL aEnglish a305.231 bSHAR aVimlesh Sharma aResidenal sighted child c2003 a275bPB aSocial Groups aSocial Sciences